00504 2200205 4500001002100000008004100021035002000062245006100082100002200143250000600165260003200171300001200203084001400215082000800229650001300237990001200250990001200262990001200274990001200286INLIS000000000000720 ind  a0010-0424000696 aHaving Fun With Microsoft Windows 7cHeni A. Puspitosari aPuspitosari, Heni a1 aYogyakarta :bSkriptac2010 a228 hlm a600 HEN h a600 aNonfiksi a0721960 a0721961 a0721962 a0721963